Language Quiz

Random Language or Letter Quiz

The Cursive Alphabet Quiz Stats

 Plays Quiz Updated Apr 6, 2020

Support Sporcle.
Go Orange.
Score 0/52 Timer 01:30
0 Plays Today
Hint Answer % Correct
a???
85%
A???
84.9%
B???
84.8%
C???
84.8%
p???
84.7%
D???
84.7%
d???
84.7%
R???
84.7%
K???
84.7%
c???
84.7%
P???
84.7%
M???
84.7%
i???
84.6%
m???
84.6%
N???
84.5%
U???
84.5%
H???
84.5%
W???
84.4%
h???
84.3%
u???
84.3%
k???
84.3%
w???
84.2%
X???
84.1%
Y???
84%
O???
84%
L???
84%
Hint Answer % Correct
E???
83.9%
t???
83.9%
y???
83.9%
l???
83.7%
x???
83.5%
s???
83.4%
o???
83.3%
j???
82.8%
F???
82.3%
e???
81.9%
g???
81.7%
S???
81.6%
n???
81.4%
V???
81.3%
r???
80.5%
f???
80.4%
z???
79.4%
Z???
78.6%
v???
76.5%
J???
75.5%
b???
74.1%
T???
72.2%
q???
71.9%
G???
69.5%
I???
54.3%
Q???
44.9%

You're not logged in!

Compare scores with friends on all Sporcle quizzes.
OR
Log In

From the Vault

Winningest Winners

by AdmiralMaxtreme

Cause second place is just first loser.
Remove Ads.
Support Sporcle.
Get the best of Sporcle when you Go Orange. This ad-free experience offers more features, more stats, and more fun while also helping to support Sporcle. Thank you for becoming a member.

Show Comments

Extras

Top Quizzes Today


Score Distribution

Your Account Isn't Verified!

In order to create a playlist on Sporcle, you need to verify the email address you used during registration. Go to your Sporcle Settings to finish the process.

Report this User

Report this user for behavior that violates our Community Guidelines.

Details: